Deutschsprachige Städte mit den höchsten Gebäuden - Statistiken

Allgemein
  • Dieses Quiz wurde 119 mal gespielt
  • Das Durchschnittsergebnis liegt bei 13 aus 24
Antwortstatistiken
Anzahl Stadt % Korrekt
45 Frankfurt am Main
100%
12 Berlin
98%
6 München
96%
5 Hamburg
95%
10 Köln
93%
3 Düsseldorf
86%
1 Leipzig
84%
1 Nürnberg
83%
3 Essen
75%
3 Bonn
63%
15 Wien
60%
5 Mannheim
58%
1 Zürich
50%
1 Augsburg
43%
4 Basel
39%
1 Jena
34%
1 Lübeck
34%
1 Offenbach am Main
34%
1 Bremerhaven
33%
4 Luxemburg
19%
1 Winterthur
4%
1 Ostermundigen
2%
1 Timmendorfer Strand
2%
4 Dübendorf
1%
Keine übereinstimmenden Quizze gefunden
Verteilung der Resultate
Anzahl Personen mit jedem Resultat
Perzentil nach korrekt beantworteten Fragen
Ihre Resultats-Entwicklung
Sie haben dieses Quiz noch nicht gespielt